1501 1019 1131 1528 1673 1589 1099 1689 1739 1627 1211 1692 1296 1534 1397 1722 1507 1819 1702 1728 1208 1577 1641 1666 1496 1944 1593 1850 1867 1541 1043 1161 1004 1188 1325 1081 1233 1842 1924 1253 1799 1127 1834 1281 1360 1964 1084 1955 1103 1795 1058 1963 1534 1165 1310 1877 1617 1501 1981 1150 1604 1745 1237 1777 1842 1769 1447 1192 1535 1438 1777 1956 1319 1844 1239 1642 1107 1531 1086 1685 1879 1829 1185 1307 1380 1566 1060 1551 1978 1681 1389 1059 1710 1842 1898 1725 1981 1101 1575 BCNSPRNW ULIB Ver.6.0+V

เปลี่ยนเป็นภาษาไทย

Change to English
 แสดงรายละเอียดบรรณานุกรม
  กลับหน้าหลัก

Brief Record : Get Marc (ISO 2709) : E-mail record : QR code < ปิดหน้าต่าง
LEADER : 00000nam a2200000Ia 4500
001    13399125409
003     ULIB
008    160129s2558 th a b 000 0 tha d
020    ^a9786163980229
060 04 ^aWT120^bป525
245 00 ^aปัญหาผู้สูงอายุที่พบบ่อยในเวชปฏิบัติทั่วไป =^bCommon geriatric problemsfor general practitioner /^cชัยยุทธ เจริญธรรม, อรินทยาพรหมินธิกุล, สุรเชษฐ์ วงษ์นิ่ม, บรรณาธิการ
246 31 ^aCommon geriatric problems for general practitioner
250    ^aพิมพ์ครั้งที่ 1
260    ^aเชียงใหม่ :^bภาควิชาอายุรศาสตร์ คณะแพทยศาสตร์ มหาวิทยาลัยเชียงใหม่,^c2558
300    ^a[12], 265 หน้า :^bภาพประกอบ ;^c27 ซม.
650  0 ^aOlder people^xHealth and hygiene
650  2 ^aGeriatrics
650  4 ^aผู้สูงอายุ^xสุขภาพและอนามัย
650  4 ^aเวชศาสตร์วัยชรา
700 0  ^aชัยยุทธ เจริญธรรม,^eบรรณาธิการ
700 0  ^aอรินทยา พรหมินธิกุล,^eบรรณาธิการ
700 0  ^aสุรเชษฐ์ วงษ์นิ่ม,^eบรรณาธิการ
710 2  ^aมหาวิทยาลัยเชียงใหม่.^bคณะแพทยศาสตร์.^bภาควิชาอายุรศาสตร์
945    ^p400^l0^i24483
945    ^p400^l0^i24486
995    ^aกัณชพร
999    ^aกัณชพร
รายการนี้ยังไม่มีแท็ก
คุณยังไม่ได้ล็อกอิน คุณสามารถมีกิจกรรมร่วมกับเว็บไซต์ได้ แต่ต้องล็อกอินก่อน ::
  ล็อกอิน

รายการสื่อสารสนเทศ

ลำดับที่ ประเภท เลขเรียก/บาร์โค้ด สถานที่ สถานะ
1. หนังสือสำรอง
หนังสือสำรอง
สถานะ=หนังสือเก่า
WT120 ป525 ฉ.1 
  Barcode: 24483
ห้องสมุดวิทยาเขตนครสวรรค์
►ส่วนจัดเก็บหนังสือเก่า นว.
บนชั้น
  ขอยืม
2. วิทยาศาสตร์การแพทย์ และสุขภาพ
วิทยาศาสตร์การแพทย์ และสุขภาพ
สถานะ=หนังสือเก่า
WT120 ป525 ฉ.2 
  Barcode: 24486
ห้องสมุดวิทยาเขตนครสวรรค์
►ส่วนจัดเก็บหนังสือเก่า นว.
บนชั้น
  ขอยืม

รายการใกล้เคียง
    หัวเรื่อง [Geriatrics]
    หัวเรื่อง [เวชศาสตร์วัยชรา]

BibComment


ยังไม่เคยถูกคอมเมนท์

คอมเมนท์ทรัพยากรรายการนี้
  คอมเมนท์: ปัญหาผู้สูงอายุท..


 Copyright 2026. Bcnsprnw @Library